The Alconbury litigation: principle and pragmatism (Record no. 68200)
[ view plain ]
| 000 -LEADER | |
|---|---|
| fixed length control field | 01409cam a2200253 4500 |
| 001 - CONTROL NUMBER | |
| control field | ABS64412 |
| 008 - FIXED-LENGTH DATA ELEMENTS--GENERAL INFORMATION | |
| fixed length control field | 010907n2001 000 0 eng u |
| 035 ## - SYSTEM CONTROL NUMBER | |
| System control number | (Sirsi) u114481 |
| 100 ## - MAIN ENTRY--PERSONAL NAME | |
| Personal name | Elvin, D |
| 245 #4 - TITLE STATEMENT | |
| Title | The Alconbury litigation: principle and pragmatism |
| 260 ## - PUBLICATION, DISTRIBUTION, ETC. | |
| Date of publication, distribution, etc. | 2001 |
| 490 ## - SERIES STATEMENT | |
| Series statement | Journal of Planning and Environment Law |
| Volume/sequential designation | [2001] JPL 883-902(11) |
| 520 ## - SUMMARY, ETC. | |
| Summary, etc. | Discusses the Alconbury cases which raised the issue of whether the processes by which the SoS Environment makes decisions and orders under the Town and Country Planning Act 1990, the Transport and Works Act, the Highways Act 1980 and the Acquisition of Land Act 1981 are compatible with the Human Rights Act 1998 s6(1). It was held that the processes involved in these cases were incompatible but that the SoS Environment had not acted unlawfully under s6(1) because s6(2)(b) applied and the SoS's appeals were allowed. Article shows how the HL decision is consistent with Strasbourg authority. |
| 590 ## - LOCAL NOTE (RLIN) | |
| Local note | ABS |
| 650 ## - SUBJECT ADDED ENTRY--TOPICAL TERM | |
| Topical term or geographic name entry element | HUMAN RIGHTS ACT 1998 S6 |
| 650 ## - SUBJECT ADDED ENTRY--TOPICAL TERM | |
| Topical term or geographic name entry element | R V SOS ENVIRONMENT, TRANSPORT AND THE REGIONS EX P ALCONBURY DEVELOPMENTS |
| 650 ## - SUBJECT ADDED ENTRY--TOPICAL TERM | |
| Topical term or geographic name entry element | R V SOS ENVIRONMENT EX P LEGAL AND GENERAL ASSURANCE SOCIETY |
| 650 ## - SUBJECT ADDED ENTRY--TOPICAL TERM | |
| Topical term or geographic name entry element | R V SOS ENVIRONMENT EX P HOLDING AND BARNES PLC |
| 650 ## - SUBJECT ADDED ENTRY--TOPICAL TERM | |
| Topical term or geographic name entry element | R V SOS ENVIRONMENT EX P PREMIER LEISURE |
| 650 ## - SUBJECT ADDED ENTRY--TOPICAL TERM | |
| Topical term or geographic name entry element | PLANNING |
| 690 ## - LOCAL SUBJECT ADDED ENTRY--TOPICAL TERM (OCLC, RLIN) | |
| Topical term or geographic name as entry element | LAW-UK |
| 700 ## - ADDED ENTRY--PERSONAL NAME | |
| Personal name | Maurici, J |
| 942 ## - ADDED ENTRY ELEMENTS (KOHA) | |
| Suppress in OPAC | 0 |
| Withdrawn status | Lost status | Source of classification or shelving scheme | Damaged status | Not for loan | Home library | Current library | Shelving location | Date acquired | Total Checkouts | Full call number | Barcode | Date last seen | Copy number | Price effective from | Koha item type |
|---|---|---|---|---|---|---|---|---|---|---|---|---|---|---|---|
| Dewey Decimal Classification | London | London | Journal article | 07/09/2001 | ABS64412 | 114481-1001 | 06/08/2019 | 1 | 06/08/2019 | Journal article |